000 00654nam a2200265Ia 4500
003 OSt
005 20221006144535.0
006 a|||||r|||| 00| 0
007 ta
008 221006b |||||||| |||| 00| 0 eng d
020 _c15.00
024 _a11,928
037 _cTextual
040 _aEASL
_cEASL
_beng
041 _2eng
_aeng
082 _aV2:21.N6, L1
100 _aDatta C. L.
245 0 _aWith two presidents
_b Inside story
260 _aDelhi
_bVikas Pub. India
_c1971
300 _a149p.
_ccm.
490 _v Gen
650 _aGen
942 _hV2:21.N6, L1
_cTEXL
_2CC
999 _c1080014
_d1080014